| 000 | 01408nam a22003137a 4500 | ||
|---|---|---|---|
| 999 |
_c64355 _d64355 |
||
| 005 | 20240530110727.0 | ||
| 008 | 180327s2016 ua a g b 001 0dara d | ||
| 017 |
_a2014/26546 _bمصر. دار الكتب |
||
| 020 | _a9789779200507 | ||
| 040 |
_aEG-CaGPL _cEG-CaGPL |
||
| 082 | 0 | 4 |
_221 _a303.4833 / _bب أ |
| 245 | 0 | 2 |
_aالافريقيات وتكنولوجيا المعلومات والاتصالات : _bبحث فى التكنولوجيا والنوع الاجتماعى والتمكين / _cتحرير اينيكى باسكنز، ان ويب ؛ ترجمة عزة خليل |
| 250 | _aط.1 | ||
| 260 |
_aالقاهرة : _bالمركز القومى للترجمة ، _c2016. |
||
| 300 |
_a367 ص. ؛ _c24 سم. |
||
| 490 | 0 |
_aالمركز القومى للترجمة ؛ _v2707. |
|
| 504 | _aيشتمل على ارجاعات ببليوجرافية | ||
| 650 | 0 | 7 |
_2qrmak _aالاتصالات |
| 650 | 0 | 7 |
_2qrmak _aتمكين المرأة |
| 650 | 0 | 7 |
_2qrmak _aالمرأة الكينية _xالتكنولوجيا |
| 650 | 0 | 7 |
_2qrmak _aتكنولوجيا المعلومات _zافريقيا |
| 650 | 0 | 7 |
_2qrmak _aالاتصالات الالكترونية |
| 651 | _2qrmak | ||
| 700 | 1 |
_a باسكنز، اينيكى _eمحرر |
|
| 700 | 1 |
_aويب، ان _eمحرر مشارك |
|
| 700 | 0 |
_aعزة خليل _eمترجم |
|
| 942 |
_2ddc _cBK |
||